Justification du système de law par son auteur (Record no. 108156)

MARC details
000 -LEADER
campo de control de longitud fija 00504nam a2200157 i 4500
001 - NÚMERO DE CONTROL
campo de control 108156
003 - IDENTIFICADOR DE NÚMERO DE CONTROL
campo de control ES-MaACL
005 - FECHA Y HORA DE LA ÚLTIMA TRANSACCIÓN
campo de control 20230906184606.0
007 - CAMPO FIJO DE DESCRIPCIÓN FÍSICA--INFORMACIÓN GENERAL
campo de control de longitud fija t|
008 - DATOS DE LONGITUD FIJA--INFORMACIÓN GENERAL
campo de control de longitud fija 070125s1912 fr ||||1| fre d
100 1# - ENTRADA PRINCIPAL--NOMBRE DE PERSONA
Nombre de persona Mann, Fritz Karl.
9 (RLIN) 76045
245 10 - MENCIÓN DEL TÍTULO
Título Justification du système de law par son auteur
Resto del título : manuscrit inédit, publié avec une introduction /
Mención de responsabilidad, etc. par Fritz Karl Mann.
260 ## - PUBLICACIÓN, DISTRIBUCIÓN, ETC.
Lugar de publicación, distribución, etc. [Paris :
Nombre del editor, distribuidor, etc. Marcel Rivière,
Fecha de publicación, distribución, etc. 1912?]
300 ## - DESCRIPCIÓN FÍSICA
Extensión p. 49-103 ;
Dimensiones 24 cm.
852 ## - LOCALIZACIÓN
Ubicación ES-MaACL
Número de control de estantería T-1435-F-5
Holdings
Estatus retirado Estado de pérdida Estado de daño No para préstamo Colección Biblioteca de origen Biblioteca actual Ubicación en estantería Fecha de adquisición Fuente de adquisición Total de préstamos Signatura topográfica completa Código de barras Visto por última vez Precio de reemplazo Tipo de ítem Koha
        Colección de folletos Biblioteca del Ateneo de Madrid Biblioteca del Ateneo de Madrid Depósito folletos 17/01/2008     T-1435-F-5 1112861 23/02/2023 23/02/2023 Folleto